00564nam a2200193 a 4500001001300000003000900013005001700022008004100039020001000080082002000090100001900110245002900129260004800158300000900206500003500215505006800250650003300318700001900351nice12345678IN_TiNIC20260116011911.0050524s1966 edia grp 000 0 eng  ac10000a305.608097bDAN aDaniel, Norman aIslam, Europe and Empire aEdinburghbEdinburgh University Pressc1966 a619p aincludes index and biblioraphy2 avol.2, further islamic lands, islamic society and civilization. aIslam-Relations Christianity1 aDaniel, Norman